Polymer blends: Improved properties through precuring (Record no. 65254)

MARC details
000 -LEADER
fixed length control field 00455nam a2200145Ia 4500
100 ## - MAIN ENTRY--AUTHOR NAME
Personal name Sunil Jose T
245 #0 - TITLE STATEMENT
Title Polymer blends: Improved properties through precuring
260 ## - PUBLICATION, DISTRIBUTION, ETC. (IMPRINT)
Name of publisher Proceedings of the Asia Rub Tech Expo, 23-25 November 2006, Indian Rubber Institute, Kochi. pp.177.
700 ## - ADDED ENTRY--PERSONAL NAME
Personal name Anoop Anand K
700 ## - ADDED ENTRY--PERSONAL NAME
Personal name George K E
700 ## - ADDED ENTRY--PERSONAL NAME
Personal name Jacob Sinto
700 ## - ADDED ENTRY--PERSONAL NAME
Personal name Joseph Rani
942 ## - ADDED ENTRY ELEMENTS (KOHA)
Koha item type Journals
Holdings
Withdrawn status Lost status Damaged status Not for loan Home library Current library Shelving location Date acquired Koha item type
      Journals RRII Library RRII Library Rubber chemistry 28/12/2006 Journals